Представление документа в формате RUSMARC

ПолеНазваниеЗначение
  Тип записи a
  Библиографический уровень m
001 Контрольный номер RU/IS/BASE/287158172
005 Дата корректировки 20201206204625.0
010 Индекс ISBN __
a ISBN 5-8354-0307-0
d Цена 300-00
101 Язык документа __
a Язык текста rus
c Язык оригинала rus
200 Заглавие и сведения об ответственности 0_
a Заглавие Представительство и ценные бумаги в гражданском праве
f Первые сведения об ответственности Н. О. Нерсесов ; [МГУ им. М.В. Ломоносова, Каф. гражд. права, Юрид. фак.]
b Общее обозначение материала Текст
205 Сведения об издании __
a Основные сведения об издании 3-е изд., испр.
210 Выходные данные __
a Место издания М.
c Издательство Статут
c Издательство КонсультантПлюс
d Дата издания 2005
215 Физическое описание __
a Объем 314, [2] с.
225 Серия __
a Серия Классика российской цивилистики
320 Библиография __
a Библиография Список осн. трудов проф. Н. О. Нерсесова: с. 311-312 (24 назв.)
330 Аннотация __
a Аннотация В работе профессора кафедр гражданского и торгового права Императорского Московского Университета исследуются вопросы социологии и правовой природы представительства, теоретические и практические аспекты учения о ценных бумагах. Учение профессора актуально и в сегодняшние дни.
600 Персоналии __
a Персоналии (Фамилия) Нерсесов, Н. О.
g Полное имя Нерсес Осипович
605 Заглавие как предмет __
a Заглавие Французский закон 12 июля 1872 г.
606 Тематические рубрики __
a Основная рубрика Право
606 Тематические рубрики __
a Основная рубрика Гражданское право в целом
y Географическая подрубрика Германия; Франция; Голландия; Россия
610 Ключевые слова __
a Ключевые слова теория права; ценные бумаги; история гражданского права; договорное право; представительство; сделки; римское право; договоры; предъявители; юридическое соучастие; юридические институты; добровольное представительство; законы; законодательство; германское законодательство; французское законодательство; кредиты; уступки права; договорная теория; теория одностороннего обещания
686 Индексы других классификаций __
a Классификационный индекс 67.404
700 Автор _1
a Фамилия Нерсесов
b Имя Н. О.
g Полное личное имя Нерсес Осипович
4 Код отношения 070
801 Источник записи _0
a Страна RU
b Организация Муниципальное бюджетное учреждение культуры "Централизованная библиотечная система" г. Сургут (Центральная городская библиотека им. А. С. Пушкина)
g Правила каталогизации КиК/Поспелова
801 Источник записи _1
a Страна RU
b Организация Муниципальное бюджетное учреждение культуры "Централизованная библиотечная система" г. Сургут (Центральная городская библиотека им. А. С. Пушкина)
g Правила каталогизации КиК/Поспелова
852 Данные о местонахождении __
j Шифр хранения 67.404
c Каталожный индекс 67.404
i Авторский знак Н 54
901 Тип документа __
t Тип документа m
903 Характеристики (МАРС) __
a Дата передачи 20090206
990 Данные о заказе (DOS) 00
j Количество экземпляров (DOS) 1
t N записи в КСУ для И/У (DOS) 200902